Banderas grupos étnicos y territorios en disputa - Estadísticas

Estadísticas generales
  • Esta prueba ha sido intentada 106 veces
  • La puntuación promedio es 16 de 80
Estadísticas de respuestas
Imagen Respuesta % Correcto
Kosovo
84%
Taiwan
84%
Palestina
81%
Abjasia
76%
Sahara Occidental
76%
Transnistria
76%
Chipre del Norte
73%
Osetia del Sur
71%
Somalilandia
70%
Tibet
68%
Kurdistan
62%
Artsaj
46%
Crimea
46%
Bereberes
32%
Rapa Nui
32%
Lubicon
27%
Romanís
27%
Tartaros de Crimea
24%
Asirios
22%
Comanches
22%
Donetsk
22%
Bougainville
21%
Quechuas
19%
Samis
17%
Maoris
16%
Papua Occidental
16%
Aborígenes australianos
14%
Shawnee
14%
Togoland
14%
Guna Yala
13%
Inuits
13%
Mapuches
13%
Navajos
13%
Cherokees
11%
Darfur
11%
Turkestan oriental
11%
Crow
10%
Guaranies
10%
Puntlandia
10%
Ambazonia
8%
Arameos
8%
Barotseland
8%
Charruas
8%
Gilgit Baltistan
8%
Nez Perce
8%
Oromos
8%
Rohinyas
8%
Tlichos
8%
Azad Cachemira
6%
Batwas
6%
Cabinda
6%
Iroqueses
6%
Mom
6%
Purepechas
6%
Aceh Sumatra
5%
Azawad
5%
Cabilia
5%
Degar
5%
Estrecho de Torres
5%
Haida
5%
Jalistan
5%
Lakotas
5%
Nahuas
5%
Nunatsiavut
5%
Ogonis
5%
Shan
5%
Sindhudesh
5%
Yazidies
5%
Arapahoes
3%
Beluchistan
3%
Bodolan
3%
Gunun a kune
3%
Hmong
3%
Khmer Krom
3%
Masais
3%
Molucas del Sur
3%
Ogaden
3%
Selknams
3%
Tsajures
3%
Tsimshian
3%
No se encontraron pruebas coincidentes
Distribución de puntuación
Porcentaje de gente con cada puntuación
Porcentaje por número respondido
Historial de tus puntuaciones
No has intentado esta prueba.